000 00618nam a2200217Ii 4500
003 JO-AjNU
008 230606s9999||||xx |||||||||||||| ||und||
020 _a978-0-521-88038-1
040 _aJO-AjNU
_beng
_erda
_cJO-AjNU
041 _aeng
050 1 4 _aQA76.76.T48.A56.2008
100 3 _aOffutt,Jeff/Ammmann,PAUL,
_eauthor
_9997
245 0 0 _aIntroduction to software Testing
250 _a1 ed
264 3 1 _aNewyork:Cambridge University,2008
300 _a320p
336 _atext
_btxt
_2rdacontent
337 _aunmediated
_bn
_2rdamedia
338 _avolume
_bnc
_2rdacarrier
650 4 _aCOMPUTER SOFTWARE
_9998
999 _aE524
_c524
_d524